BIBLIOTHÈQUE DE LA MAISON DU MEXIQUE

Logo 1 Logo 2

La historia secreta del género (notice nᵒ 8857)

détails MARC
000 -Sello discográfico
campo de control de longitud fija 01472nam a2200397 4500
005 - Identificación de versión
campo de control 20251016085104.0
010 ## - Número Estándar Internacional de Libros (ISBN)
Número (ISBN) 968-16-5522-2
035 ## - Otros números de control del sistema
Número de control del sistema 29743
099 ## - fechas locales
Tipo de ítem Koha LIBRO
100 ## - Datos de procesamiento general
Datos de procesamiento general 20021206d1999 m y1spay5003 ba
101 ## - Idioma del recurso
Idioma del texto, banda sonora, etc. Español; Castellano
Idioma de la obra original Inglés
105 ## - Campo de datos codificados: Material textual, monográfico
Datos codificados de monografía a 001zy
200 1# - Título y mención de responsabilidad
Título propio La historia secreta del género
Designación general del material texto impreso
Otra información del título Mujeres, hombres y poder en México en las postrimerías del período colonial
Primer mención de responsabilidad Steve J. Stern
Declaración de responsabilidad subsiguiente traducción Eduardo L. Suárez
205 ## - Declaración de edición
Declaración de edición 1a ed
210 ## - Publicación, distribución, etc.
Lugar de publicación, distribución, etc. México
Nombre del editor, distribuidor, etc. Fondo de Cultura Económica
Fecha de publicación, distribución, etc. 1999
215 ## - Descripción física
Designación de material específico y extensión del ítem 522 p
Otras características físicas il.
Dimensiones 23 cm
300 ## - Notas generales
Texto de la nota Incluye índice analítico
320 ## - Nota de índices/bibliografías internas
Texto de la nota Bibliografía: p.473-503
345 ## - Nota de información de adquisición
Fuente de adquisición/dirección de la suscripción [OBSOLETO] Donación
410 #1 - Series
Título Sección de Obras de Antropología
454 #1 - Traducción de
Título The Secret History of Gender : Women, Men, and Power in Late Colonial Mexico
606 ## - Término temático usado como materia
Elemento de entrada Campesinos
Subdivisión temática Historia
Subdivisión geográfica México
Número Koha 14979
606 ## - Término temático usado como materia
Elemento de entrada Mujeres rurales
Subdivisión temática Condiciones sociales
Subdivisión geográfica México
Número Koha 14980
606 ## - Término temático usado como materia
Elemento de entrada Papel sexual
Subdivisión temática Historia
Subdivisión geográfica México
Número Koha 14981
606 ## - Término temático usado como materia
Elemento de entrada Poder (Ciencias sociales)
Subdivisión temática Historia
Subdivisión geográfica México
Número Koha 14982
660 ## - Código de área geográfica
Código MX
700 ## - Nombre personal - Responsabilidad primaria
Elemento de entrada Stern
Parte del nombre distinta del elemento de entrada Steve J.
Fechas 1951-
Número Koha 14983
702 ## - Nombre personal - Responsabilidad secundaria
Elemento de entrada Suárez Galindo
Parte del nombre distinta del elemento de entrada Eduardo
Fechas 1931-
Número Koha 2789
801 #0 - Fuente de origen
Agencia cm
900 ## -
-- 1/3179
900 ## -
-- 7100214969\061202
942 ## - ELEMENTOS DE ENTRADA SECUNDARIOS (KOHA)
Tipo de ítem Koha Livre
996 ## -
-- MEX
-- 751145101
-- MMAG
-- 008775
-- 301.423 S839SE
-- 20231018LIV
Exemplaires
Estatus retirado Estado de daño Estado de pérdida Fecha de adquisición Biblioteca de origen Biblioteca actual Ubicación en estantería Código de barras Precio de reemplazo Signatura topográfica completa No para préstamo Tipo de ítem Koha Nota pública Nota no pública
      05/08/2025 Casa México Paris Casa México Paris   008775 05/08/2025 301.423 S839SE   Livre 20231018LIV 751145101